000
00314nam a2200145Ia 4500
003
OSt
008
191201s2016 xx 000 0 und d
082
_a
005.26
_b
MOU
100
_a
RADHA, Mohan
245
0
_a
Using SPSS in Research
260
_b
Neelkamal
_c
2016
300
_a
324
650
_a
MBA
942
_2
ddc
_c
BK
999
_c
7017
_d
7017